50 años de cine norteamericano

Saved in:
Bibliografiske detaljer
Main Authors: Tavernier, Bertrand (Author), Coursodon, Jean-Pierre (Author)
Format: Bog
Sprog:spansk
Udgivet: Madrid Akal 1997
Fag:
Tags: Tilføj Tag
Ingen Tags, Vær først til at tagge denne postø!

MARC

LEADER 00000nam a2200000 a 4500
001 UCK6246
003 CL-VaPUC
008 050909e19970000SP |||||||||||||||||spa|d
020 |a 8446007800 
020 |a 8446006928v.1 
020 |a 8446007797v.2 
082 0 4 |a 791.430973  |b TAV  |2 21 
100 0 |a Tavernier, Bertrand  |e author  |9 495305 
700 0 |a Coursodon, Jean-Pierre  |e author  |9 495306 
245 1 0 |a 50 años de cine norteamericano 
300 |a 2 v 
942 |c BK 
945 |d 20050909 00:00:00  |a jcarroza 
260 |a Madrid  |b Akal  |c 1997 
650 7 |a PELICULAS CINEMATOGRAFICAS  |2 CL-VaPUC  |9 495307 
650 0 |a Industria cinematográfica  |9 266081 
650 0 |a Cine  |9 225706 
650 0 |a Diccionarios  |9 256200 
650 0 |a Directores de cine  |9 368705 
651 0 |a Estados Unidos  |9 255178 
583 |a last modification  |c 20050909 00:00:00  |k Rodrigo Vera 
999 |c 314546  |d 314544 
952 |0 0  |1 0  |4 0  |6 791_430973000000000_TAV_1997  |7 0  |8 F  |9 386933  |a BIBART  |b BIBART  |d 2019-11-22  |h v.1  |i 4162994  |o 791.430973 TAV 1997  |p 4162994  |r 2025-03-13  |w 2019-11-22  |y BK_F  |k ART 
952 |0 0  |1 0  |4 0  |6 791_430973000000000_TAV_1997  |7 0  |8 F  |9 386934  |a BIBART  |b BIBART  |d 2019-11-22  |h v.2  |i 4163001  |o 791.430973 TAV 1997  |p 4163001  |r 2025-03-13  |w 2019-11-22  |y BK_F  |k ART